International Financial Statistics Yearbook 1999

Na minha lista:
Detalhes bibliográficos
Formato: Livro
Idioma:inglês
Publicado em: Washington, D.C. International Monetary Fund 1999
Assuntos:
Tags: Adicionar Tag
Sem tags, seja o primeiro a adicionar uma tag!

MARC

LEADER 00000nam a2200000 4500
001 c116450
005 20260105082431.5
020 |a 1-55775-815-8 
022 |a 0250-7463 
041 0 |a eng 
044 |a US 
245 1 0 |a International Financial Statistics Yearbook 1999 
264 1 |a Washington, D.C.  |b International Monetary Fund  |c 1999 
300 |a 998 s. 
610 2 0 |a financie medzinárodné 
610 2 0 |a kurz výmenný 
610 2 0 |a rezervy finančné 
610 2 0 |a štatistika finančná